000 00184 a2200097 4500
020 _a006211611
041 _aeng
100 _aAllende, Isabel
245 _aPortrait in sepia
942 _cBK
999 _c5646
_d5646